|
|
|
|
| LEADER |
01174nam a2200277 a 4500 |
| 001 |
43467327 |
| 008 |
100131s1998 ii ab b 000 0 eng d |
| 020 |
|
|
|a 8174461213
|
| 040 |
|
|
|a EEM
|c EEM
|d BD-DhAAL
|
| 082 |
0 |
0 |
|a 338.90954
|2 21
|
| 245 |
1 |
0 |
|a Management of development :
|b growth with equity /
|c edited by Abdur Rab.
|
| 260 |
|
|
|a New Delhi :|bExcel Books,
|c c1998.
|
| 300 |
|
|
|a xxiv, 640 p. :
|b ill., map ;
|c 25 cm.
|
| 490 |
0 |
|
|a McGraw-Hill/Irwin series in marketing
|
| 504 |
|
|
|a Includes bibliographical references.
|
| 541 |
1 |
|
|e 00011678
|
| 650 |
|
0 |
|a Economic development
|z South Asia.
|
| 650 |
|
0 |
|a Rural development projects
|z South Asia
|x Management.
|
| 650 |
|
0 |
|a Economic development projects
|z South Asia
|x Management.
|
| 650 |
|
0 |
|a Women in development
|z South Asia.
|
| 650 |
|
0 |
|a South Asia
|x Economic conditions.
|
| 700 |
1 |
|
|a Rab, Abdur.
|
| 710 |
2 |
|
|a Association of Management Development Institutions in South Asia.
|
| 852 |
4 |
|
|a Ayesha Abed Library
|j General Shelf
|
| 999 |
|
|
|c 7270
|d 7270
|
| 952 |
|
|
|0 0
|1 0
|2 ddc
|4 0
|6 338_909540000000000_MAN_1998
|7 0
|9 7621
|a BRACUL
|b BRACUL
|c GEN
|d 2010-01-31
|l 1
|o 338.90954 MAN
|p 3010011678
|r 2012-06-03
|s 2012-05-29
|t 1
|w 2010-01-31
|y BK
|